Diccionari popular de la llengua catalana : Catalunya, Mallorca, Valencia, Andorra, Rosselló, Sardenya, Llenguadoc ... / per Joseph Aladern Catalunya, Mallorca, Valencia, Andorra, Rosselló, Sardenya, Llenguadoc ... / per Joseph Aladern
Descripción Física:
3 v. ; 24 cm
Materias:
Català -- Diccionaris
MARC
| LEADER | 00000nam a2200000Ia 4500 | ||
|---|---|---|---|
| 001 | 14556, 14557, 14558 | ||
| 008 | 160829s1904 - [1909] xx 000 0 cat d | ||
| 080 | |a O-1-115, O-1-116, O-1-117 | ||
| 100 | 1 | |a Aladern, Josep, |d 1869-1918 |9 30032 | |
| 245 | |a Diccionari popular de la llengua catalana : |b Catalunya, Mallorca, Valencia, Andorra, Rosselló, Sardenya, Llenguadoc ... / per Joseph Aladern | ||
| 260 | |a Barcelona : |b Francisco Baxarias, |c 1904 - [1909] | ||
| 300 | |a 3 v. ; |c 24 cm | ||
| 590 | |a Precedeix el títol: Obra Nacional. | ||
| 590 | |a Aquesta obra es va publicar en tres volums més un apèndix. | ||
| 590 | |a Conté: v. 1: A-B; v. 2: C-EPE; v. 3: ESC-Z | ||
| 650 | |a Català |x Diccionaris |9 25552 | ||
| 901 | |a Arxiu | ||
| 942 | |n 1 | ||
| 952 | |0 0 |1 0 |4 0 |6 O1115_O1116_O1117 |7 1 |9 45226 |a Arxiu |b Arxiu |d 2016-12-01 |l 0 |o O-1-115, O-1-116, O-1-117 |p 14556, 14557, 14558 |r 2016-12-01 00:00:00 |w 2016-12-01 |y ARXIU | ||
| 999 | |c 48300 |d 48300 | ||